000 00657nam a22002057a 4500
003 OSt
005 20251009025807.0
008 251009b |||||||| |||| 00| 0 eng d
020 _a9786218179912
040 _aDWCL-Main lib
_cOC
082 _aFil.647.94 A681r 2022
100 _aArenas, Chester Dave G.
245 _aRooms Division Cost Control/
_cChester Dave G. Arenas
260 _aManila, Philippines :
_bEDRIC Publishing House,
_cc2022.
300 _a80 page :
_b illustration ;
_c25 cm.
504 _aIncludes Bibliographical References
650 _a1. Hospitality Industry
650 _a2. Hotel Management
942 _2ddc
_cBK - FIL
_kFil.
_n0
999 _c4762
_d4762